Raglan Housing Association Ltd v Fairclough (Record no. 79730)
[ view plain ]
| 000 -LEADER | |
|---|---|
| fixed length control field | 01922cad a22002055a 4500 |
| 001 - CONTROL NUMBER | |
| control field | L142130 |
| 008 - FIXED-LENGTH DATA ELEMENTS--GENERAL INFORMATION | |
| fixed length control field | 080124e20071101xxk f v 000 0 eng d |
| 035 ## - SYSTEM CONTROL NUMBER | |
| System control number | (Sirsi) u142130 |
| 041 0# - LANGUAGE CODE | |
| Language code of text/sound track or separate title | eng |
| 245 00 - TITLE STATEMENT | |
| Title | Raglan Housing Association Ltd v Fairclough |
| Medium | [electronic resource] |
| 260 ## - PUBLICATION, DISTRIBUTION, ETC. | |
| Date of publication, distribution, etc. | 2008 |
| 520 ## - SUMMARY, ETC. | |
| Summary, etc. | [2007] EWCA Civ 1087, 25 October 2007. Considers whether the provisions of the Housing Act 1988 Schedule 2 permitting landlords to seek possession from assured tenancies could be applied to an offence committed prior to the commencement of a tenancy. The appellant (F) held an assured tenancy on a residence with the respondent housing association (R), and had previously been a tenant of a nearby residence. He was convicted of offences involving the possession and duplication of indecent images of children. R sought possession of his residence and this was granted under the aforementioned Schedule. F appealed, arguing that the offence had taken place prior to the commencement of this tenancy. "Held": Although the offence did not take place within the tenancy, the Schedule was concerned with his behaviour in the vicinity, where he had previously resided, both during and prior to the tenancy. Moreover, it was accepted that his behaviour was likely to be annoying or intimidating to his neighbours in an ongoing capacity. The language of para. (b) (ii) did not imply restriction of its effects to the period of the tenancy, nor did Parliament appear to have intended this. Appeal dismissed. |
| 590 ## - LOCAL NOTE (RLIN) | |
| Local note | KA |
| 650 24 - SUBJECT ADDED ENTRY--TOPICAL TERM | |
| Topical term or geographic name entry element | RAGLAN HOUSING ASSOCIATION LTD V FAIRCLOUGH |
| 650 24 - SUBJECT ADDED ENTRY--TOPICAL TERM | |
| Topical term or geographic name entry element | HOUSING ACT 1988 SCH 2 |
| 651 #4 - SUBJECT ADDED ENTRY--GEOGRAPHIC NAME | |
| Geographic name | England and Wales |
| Chronological subdivision | 1543- |
| 690 ## - LOCAL SUBJECT ADDED ENTRY--TOPICAL TERM (OCLC, RLIN) | |
| Topical term or geographic name as entry element | PROPERTY-RESIDENTIAL PROPERTY-RESIDENTIAL LANDLORD AND TENANT-RESIDENTIAL TENANCIES-ASSURED TENANCIES |
| 856 40 - ELECTRONIC LOCATION AND ACCESS | |
| Uniform Resource Identifier | <a href="https://www.bailii.org/ew/cases/EWCA/Civ/2007/1087.html">https://www.bailii.org/ew/cases/EWCA/Civ/2007/1087.html</a> |
| Public note | View the judgment free of charge at www.bailii.org... |
| 942 ## - ADDED ENTRY ELEMENTS (KOHA) | |
| Suppress in OPAC | 0 |
| Withdrawn status | Lost status | Source of classification or shelving scheme | Damaged status | Not for loan | Home library | Current library | Shelving location | Date acquired | Total Checkouts | Full call number | Barcode | Date last seen | Copy number | Price effective from | Koha item type |
|---|---|---|---|---|---|---|---|---|---|---|---|---|---|---|---|
| Dewey Decimal Classification | Virtual | Virtual | Online | 24/01/2008 | ONLINE PUBLICATION | 142130-1001 | 06/08/2019 | 1 | 06/08/2019 | Journal article |